| 000 | 00414nam a2200169Ia 4500 | ||
|---|---|---|---|
| 008 | 221030s9999 xx 000 0 und d | ||
| 020 | _a8188114081 | ||
| 041 | _aEnglish | ||
| 082 |
_a105.23 _bHus |
||
| 100 | _aF. Hussain | ||
| 245 | 0 |
_aDigital signal Processing & Applications _cby F. Hussain |
|
| 250 | _a2nd | ||
| 260 |
_bUmesh Pub _aNew Delhi _c2005 |
||
| 300 | _a532 | ||
| 650 | _aBE Computer | ||
| 942 | _cBK | ||
| 999 |
_c4012 _d4012 |
||